| 000 | 01772nam a22003137a 4500 | ||
|---|---|---|---|
| 005 | 2008111702102.0 | ||
| 008 | 081117t xxu||||| |||| 00| 0 hin d | ||
| 010 | _aHIN-84934 | ||
| 020 |
_a8190183966 _c200.00 |
||
| 035 | _aHN-57280 | ||
| 037 | _bDBAD / PUB | ||
| 040 |
_aDPL _bHN |
||
| 082 | _a629.450092 | ||
| 100 | _aअंजली | ||
| 245 |
_aभारत की बेटीःसुनीता विलियम्स / _cअंजली |
||
| 246 |
_aBharat ke beti:Sunita Williams _bby Anjali |
||
| 260 |
_aदिल्ली _bसुभाष चन्द्र एंड संस _c2008 |
||
| 270 |
_aWZ-841, तीसरी मंजिल, मौहल्ला बढ़ियाल, बाटा चौक, पालम गाँव _bदिल्ली _e110045 |
||
| 300 |
_a120पृ _c22सेमी (सजिल्द) _bसचित्र |
||
| 600 | _aWilliams, Sunita, 1965- | ||
| 600 | _aविलियम्स, सुनीता, 1965- | ||
| 650 |
_aअंतरिक्ष यात्री _xजीवनी _zसंयुक्त राज्य |
||
| 650 |
_aAstronauts _xBiography _zUnited States |
||
| 650 |
_aअंतरिक्ष यात्री _xजीवनी _zभारत |
||
| 650 |
_aAstronauts _xBiography _zIndia |
||
| 942 |
_2ddc _cHN _mअंजली _h629.450092 |
||
| 999 |
_c18481 _d18481 |
||